000 00542nam a2200193Ia 4500
008 240729s9999 xx 000 0 und d
022 _a1469-9915
245 0 _aNew Genetics and Society
260 _aUnited Kingdom
260 _bTaylor & Francis Group
650 _a Biology (General)
650 _a Genetics | Medicine
650 _a Medical philosophy. Medical ethics
650 _a Medicine (General)
650 _aScience
856 _uhttps://doaj.org/toc/c5e0556e2acd4b5990c8ddc5edcbc1cd
942 _2ddc
942 _cDOAJEJ
999 _c69135
_d69135
945 _a1
_bMadushi Gamage
_c1
_dMadushi Gamage